Soy grande, soy pequeño / (Registro nro. 3355)
[ vista simple ]
| 000 -LEADER | |
|---|---|
| fixed length control field | 00745nam a2200241Ia 4500 |
| 003 - CONTROL NUMBER IDENTIFIER | |
| control field | OSt |
| 005 - DATE AND TIME OF LATEST TRANSACTION | |
| control field | 20200330131643.0 |
| 008 - FIXED-LENGTH DATA ELEMENTS--GENERAL INFORMATION | |
| fixed length control field | 191128t1985 ve a br 000 1 spa d |
| 020 ## - INTERNATIONAL STANDARD BOOK NUMBER | |
| International Standard Book Number | 9789588445717 |
| 040 ## - CATALOGING SOURCE | |
| Original cataloging agency | CO-JMCR |
| Transcribing agency | CO-JMCR |
| 041 0# - LANGUAGE CODE | |
| Language code of text/sound track or separate title | spa |
| 082 04 - DEWEY DECIMAL CLASSIFICATION NUMBER | |
| Classification number | A / |
| Item number | STIs |
| 100 ## - MAIN ENTRY--PERSONAL NAME | |
| Personal name | Stinson, Kathy |
| 9 (RLIN) | 2171 |
| 245 10 - TITLE STATEMENT | |
| Title | Soy grande, soy pequeño / |
| Statement of responsibility, etc. | Kathy Stinson ; traducción Clarisa de la Rosa |
| 260 ## - PUBLICATION, DISTRIBUTION, ETC. | |
| Place of publication, distribution, etc. | Caracas : |
| Name of publisher, distributor, etc. | Ekaré, |
| Date of publication, distribution, etc. | ©1985 |
| 300 ## - PHYSICAL DESCRIPTION | |
| Extent | [22] páginas sin enumerar : |
| Other physical details | ilustraciones en color ; |
| Dimensions | 20 cm. |
| 490 ## - SERIES STATEMENT | |
| Series statement | Colección para la primera infancia |
| 500 ## - GENERAL NOTE | |
| General note | Incluye datos biográficos del autor en contraportada |
| 534 ## - ORIGINAL VERSION NOTE | |
| Introductory phrase | Big or Little |
| 546 ## - LANGUAGE NOTE | |
| Language note | spa |
| 650 14 - SUBJECT ADDED ENTRY--TOPICAL TERM | |
| Topical term or geographic name entry element | Libro álbum |
| 9 (RLIN) | 495 |
| 942 ## - ADDED ENTRY ELEMENTS (KOHA) | |
| Source of classification or shelving scheme | Dewey Decimal Classification |
| Koha item type | Books |
| Withdrawn status | Lost status | Source of classification or shelving scheme | Damaged status | Not for loan | Collection code | Home library | Current library | Date acquired | Source of acquisition | Cost, normal purchase price | Total Checkouts | Full call number | Barcode | Date last seen | Date last checked out | Copy number | Koha item type |
|---|---|---|---|---|---|---|---|---|---|---|---|---|---|---|---|---|---|
| Dewey Decimal Classification | Fiction | Biblioteca Pública José María del Castillo y Rada | Biblioteca Pública José María del Castillo y Rada | 11/28/2019 | Donación | 0.00 | 12 | A / STIs | 201807005 | 03/31/2026 | 03/31/2026 | Ej.1 | Books |